[Event "Joao Pessoa AXCV op 1st"]
[Site "Joao Pessoa"]
[Date "2014.04.06"]
[Round "5"]
[White "Da Silva, Antonio Dutra"]
[Black "Silva, Ivanilson Pereira"]
[Result "0-1"]
[WhiteElo "1772"]
[BlackElo "1845"]
[PlyCount "106"]
[EventDate "2014.04.04"]
[EventType "swiss"]
[EventRounds "5"]
[EventCountry "BRA"]
[SourceTitle "EXT 2018"]
[Source "ChessBase"]
[SourceDate "2017.10.13"]
[SourceVersion "1"]
[SourceVersionDate "2017.10.13"]
[SourceQuality "1"]

1. Nf3 c5 2. c4 g6 3. g3 Bg7 4. Bg2 Nc6 5. 0-0 Nf6 6. d3 d5 7. Nbd2 e5 8. cxd5 Nxd5 9. Ne4 b6 10. Bd2 0-0 11. Nc3 Nde7 12. a3 h6 13. Qc2 Be6 14. Qa4 Rc8 15. b4 c4 16. b5 Na5 17. dxc4 Rxc4 18. Qd1 e4 19. Nxe4 Rxe4 20. Ne1 Rd4 21. Nd3 Bb3 22. Qb1 Bc4 23. Bc3 Bxd3 24. exd3 Rxd3 25. Bxg7 Kxg7 26. Re1 Ng8 27. Ra2 Rd2 28. Rxd2 Qxd2 29. Rd1 Qc3 30. Rd3 Qf6 31. Rf3 Qg5 32. h4 Qe5 33. Re3 Qc5 34. Qb2+ Nf6 35. Rf3 Qd6 36. g4 Nc4 37. Qa1 Ne5 38. Rf4 Rd8 39. Bf1 g5 40. hxg5 hxg5 41. Rf5 Nexg4 42. Bg2 Kg6 43. Rf3 Qd1+ 44. Qxd1 Rxd1+ 45. Bf1 Ne4 46. Kg2 Ngxf2 47. a4 f5 48. Ra3 g4 49. a5 Rd2 50. Kg1 Ng5 51. axb6 axb6 52. Ra6 Nf3+ 53. Kg2 Ne4+ 0-1

[Event "Joao Pessoa AXCV op 1st"]
[Site "Joao Pessoa"]
[Date "2014.04.05"]
[Round "2"]
[White "De Oliveira, Jefferson Pereira"]
[Black "Silva, Ivanilson Pereira"]
[Result "1-0"]
[WhiteElo "1815"]
[BlackElo "1845"]
[PlyCount "51"]
[EventDate "2014.04.04"]
[EventType "swiss"]
[EventRounds "5"]
[EventCountry "BRA"]
[SourceTitle "EXT 2018"]
[Source "ChessBase"]
[SourceDate "2017.10.13"]
[SourceVersion "1"]
[SourceVersionDate "2017.10.13"]
[SourceQuality "1"]

1. d4 Nf6 2. Nf3 e6 3. c4 c5 4. Nc3 cxd4 5. Nxd4 d5 6. Bg5 dxc4 7. e3 a6 8. Bxc4 b5 9. Bd3 Bb7 10. 0-0 b4 11. Ne4 Nbd7 12. Qa4 Be7 13. Bxf6 gxf6 14. Rfd1 Qb6 15. Rac1 f5 16. Ng3 h5 17. Nc6 Bf6 18. Nxb4 h4 19. Nf1 0-0 20. Qxd7 Qxb4 21. Rc4 Qb6 22. Qa4 Bd5 23. Rb4 Qc7 24. Bxf5 Qe5 25. Rg4+ Kh8 26. Rxh4+ 1-0

[Event "Natal op"]
[Site "Natal"]
[Date "2013.09.08"]
[Round "5"]
[White "Macedo, Maximo Valerio"]
[Black "Silva, Ivanilson Pereira"]
[Result "1-0"]
[WhiteElo "2053"]
[BlackElo "1855"]
[PlyCount "47"]
[EventDate "2013.09.06"]
[EventType "swiss"]
[EventRounds "6"]
[EventCountry "BRA"]
[SourceTitle "EXT 2016"]
[Source "ChessBase"]
[SourceDate "2015.10.08"]
[SourceVersion "1"]
[SourceVersionDate "2015.10.08"]
[SourceQuality "1"]

1. d4 d5 2. e3 g6 3. c4 c6 4. Nc3 Nf6 5. Nf3 Bg7 6. Bd3 Bg4 7. 0-0 0-0 8. h3 Bxf3 9. Qxf3 e6 10. Bd2 Nbd7 11. cxd5 cxd5 12. Rfc1 Rc8 13. Qd1 a6 14. Na4 a5 15. Rxc8 Qxc8 16. Bxa5 Qb8 17. Rc1 b6 18. Bb4 Re8 19. f4 Ne4 20. Bb5 Ndf6 21. Qc2 Bf8 22. Bxf8 Rxf8 23. Qc7 Rd8 24. g4 1-0

[Event "Joao Pessoa op 4th"]
[Site "Joao Pessoa"]
[Date "2013.03.15"]
[Round "2"]
[White "Felix, Thiago Ribeiro"]
[Black "Silva, Ivanilson Pereira"]
[Result "1/2-1/2"]
[WhiteElo "1972"]
[BlackElo "1813"]
[PlyCount "30"]
[EventDate "2013.03.15"]
[EventType "swiss"]
[EventRounds "6"]
[EventCountry "BRA"]
[SourceTitle "CBM 153 Extra"]
[Source "ChessBase"]
[SourceDate "2013.04.22"]
[SourceVersion "1"]
[SourceVersionDate "2013.04.22"]
[SourceQuality "1"]

1. d4 d5 2. c4 c6 3. Nc3 Nf6 4. Nf3 Nbd7 5. cxd5 cxd5 6. Bf4 a6 7. e3 e6 8. Be2 h6 9. 0-0 Be7 10. Rc1 0-0 11. Ne5 Nxe5 12. Bxe5 Bd6 13. Bxd6 Qxd6 14. f4 Bd7 15. Bd3 Rac8 1/2-1/2